00448nam a2200193Ia 4500003000900000008004100009040001300050040001300063041000800076100002400084100000900108245008000117250000900197260001200206260000900218300001100227300001000238490000600248IT-RoPAU120407s9999 xx 000 0 und d aIT-RoPAU cIT-RoPAU aita aPier Carlo Landucci csac. aProblematica della miscredenza e della fede. Itinerario logico-psicologico. aRoma aColetti c1964 a447 p. c22 cm v1